Θεωρία ομάδων : ο μαθηματικός, η συμμετρία και το τέρας

Saved in:
Bibliographic Details
Main Author: Du Sautoy, Marcus
Other Authors: Σίμος, Κωνσταντίνος (Translator)
Format: Book
Language:Greek
English
Published: Αθήνα : Τραυλός, c2009.
Subjects:
Tags: Add Tag
No Tags, Be the first to tag this record!

MARC

LEADER 00000cam a2200000 i 4500
001 1/36303
008 130906s2009 gr | ||| |||| ||gre||
020 |a 9789606640599  
035 |l 10115616 
040 |a GR-MY-UA  |b gre  |e aacr 
041 1 |a gre  |h eng 
082 0 |a 516.1  |2 (22) 
100 1 |a Du Sautoy, Marcus. 
245 1 0 |a Θεωρία ομάδων :   |b ο μαθηματικός, η συμμετρία και το τέρας /   |c Marcus Du Sautoy ; μετάφραση Κωνσταντίνος Σίμος.  
260 |a Αθήνα :   |b Τραυλός,   |c c2009.  
300 |a 556 σ. :   |b εικ. ;   |c 21 εκ.  
500 |a Τίτλος πρωτοτύπου: Finding moonshine: a mathematician's journey through symmetry 
504 |a Βιβλιογραφία: σ. 519-524. Ευρετήριο.  
650 0 0 |a Symmetry (Mathematics) 
650 0 0 |a Geometry in nature. 
700 1 |a Σίμος, Κωνσταντίνος,  |e trl 
852 |a INST  |b SAMOS  |e 20130906  |h 516.1 DUS  |p 005300040497  |q 005300040497  |t BK  |y 0 
901 |a BIBL3-2013-3 
909 |a Σ  |b 179286 
922 |a 3ΕΛΗ  |b 201306  |c ΤΜΗΜΑ ΜΑΘΗΜΑΤΙΚΩΝ  |d BEST BOOK HUNTERS 
970 |a ΚΟΣΙΕΡΗΣ  |b ΧΡΗΣΤΟΣ  |z 2013/09/06